[Event "Titled Tuesday 2022.10.25 Early"]
[Site "chess.com INT"]
[Date "2022.10.25"]
[Round "3"]
[White "Lawson, Eric"]
[Black "Gabrielian, A."]
[Result "1-0"]
[WhiteElo "2371"]
[BlackElo "2460"]
[PlyCount "85"]
[EventDate "2022.10.25"]
[EventType "swiss (blitz)"]
[EventRounds "11"]
[EventCountry "NET"]
[Source "Mark Crowther"]
[SourceDate "2022.10.31"]

1. e4 c5 2. Nf3 d6 3. Bb5+ Nd7 4. O-O a6 5. Bxd7+ Bxd7 6. h3 e6 7. d4 cxd4 8.
Qxd4 Nf6 9. c4 b5 10. cxb5 axb5 11. Nc3 Be7 12. Rd1 O-O 13. Bg5 Bc6 14. Rd2 Qa5
15. e5 dxe5 16. Nxe5 Bb7 17. a4 Rfd8 18. Qe3 Rxd2 19. Qxd2 bxa4 20. Ng4 Nxg4
21. Bxe7 Qc7 22. Qd6 Qxd6 23. Bxd6 Nf6 24. Rxa4 Rxa4 25. Nxa4 Ne4 26. Ba3 Bc6
27. Nc3 Nd2 28. Bc5 Nb3 29. Bb4 e5 30. f3 f5 31. Kf2 Kf7 32. h4 Ke6 33. Ke3 Nd4
34. Bf8 g6 35. f4 Nc2+ 36. Kd2 Nd4 37. Ke3 Nb3 38. g3 h5 39. fxe5 Kxe5 40. Bg7+
Ke6 41. Ne2 Bd5 42. Nf4+ Kd6 43. Nxg6 1-0

[Event "Titled Tuesday 2022.10.25 Early"]
[Site "chess.com INT"]
[Date "2022.10.25"]
[Round "5"]
[White "Lawson, Eric"]
[Black "Dardha, Daniel"]
[Result "0-1"]
[WhiteElo "2371"]
[BlackElo "2610"]
[PlyCount "72"]
[EventDate "2022.10.25"]
[EventType "swiss (blitz)"]
[EventRounds "11"]
[EventCountry "NET"]
[Source "Mark Crowther"]
[SourceDate "2022.10.31"]

1. d4 d5 2. Bg5 h6 3. Bh4 c5 4. e3 Nc6 5. c3 Nf6 6. Bxf6 gxf6 7. dxc5 e6 8. b4
a5 9. Bb5 Bd7 10. Qb3 f5 11. a3 Bg7 12. Ra2 O-O 13. Be2 f4 14. exf4 d4 15. b5
a4 16. Qd1 dxc3 17. bxc6 Bxc6 18. Qxd8 Rfxd8 19. Bf3 Bb5 20. Ne2 Bc4 21. Nbxc3
Bxa2 22. Nxa2 Rac8 23. c6 bxc6 24. Nac3 Rd3 25. Nb1 c5 26. O-O c4 27. Be4 Rb3
28. Bc2 Rb2 29. Rc1 Rd8 30. Kf1 Rxc2 31. Re1 c3 32. g3 Rd3 33. h4 Rb2 34. Rc1
c2 35. Nbc3 Bxc3 36. Nxc3 Rxc3 0-1

[Event "Titled Tuesday 2022.10.25 Early"]
[Site "chess.com INT"]
[Date "2022.10.25"]
[Round "6"]
[White "Lawson, Eric"]
[Black "Belov, Vl"]
[Result "0-1"]
[WhiteElo "2371"]
[BlackElo "2598"]
[PlyCount "108"]
[EventDate "2022.10.25"]
[EventType "swiss (blitz)"]
[EventRounds "11"]
[EventCountry "NET"]
[Source "Mark Crowther"]
[SourceDate "2022.10.31"]

1. e4 c5 2. Nf3 d6 3. d4 cxd4 4. Nxd4 Nf6 5. Nc3 a6 6. Bc4 e6 7. Bb3 b5 8. a3
Nbd7 9. Qe2 Nc5 10. Ba2 Bb7 11. f3 Be7 12. O-O O-O 13. Be3 Rc8 14. Rad1 Qc7 15.
Kh1 Rfe8 16. Bg1 Bf8 17. Qf2 Ncd7 18. Qg3 Ne5 19. Rd2 Nc4 20. Bxc4 Qxc4 21.
Rfd1 Qc7 22. Nde2 Nd7 23. Nf4 Ne5 24. Bd4 Ng6 25. Nxg6 hxg6 26. h4 Bc6 27. Qg5
Qe7 28. Kg1 a5 29. b4 axb4 30. axb4 Bd7 31. Ne2 Qxg5 32. hxg5 e5 33. Bb6 Be6
34. c3 Rc6 35. Ba5 Be7 36. Kf2 Rec8 37. Ke3 Bc4 38. f4 Bxe2 39. Rxe2 exf4+ 40.
Kxf4 Rxc3 41. Rd5 Rc1 42. Rxb5 Rf1+ 43. Kg3 Rc3+ 44. Kh2 Rc8 45. Rb2 f6 46. Rb7
Kf8 47. gxf6 Bxf6 48. Bc7 Bxb2 49. Bxd6+ Kg8 50. b5 Rb1 51. b6 Bf6 52. Rc7 Rxc7
53. Bxc7 Bd4 54. e5 Bxb6 0-1

[Event "Titled Tuesday 2022.10.25 Early"]
[Site "chess.com INT"]
[Date "2022.10.25"]
[Round "7"]
[White "Bettalli, Francesco"]
[Black "Lawson, Eric"]
[Result "0-1"]
[WhiteElo "2267"]
[BlackElo "2371"]
[PlyCount "54"]
[EventDate "2022.10.25"]
[EventType "swiss (blitz)"]
[EventRounds "11"]
[EventCountry "NET"]
[Source "Mark Crowther"]
[SourceDate "2022.10.31"]

1. d4 d5 2. Nc3 Nf6 3. Bg5 g6 4. Bxf6 exf6 5. e4 dxe4 6. Nxe4 f5 7. Ng3 Bg7 8.
Nf3 O-O 9. Be2 c5 10. c3 cxd4 11. Nxd4 Re8 12. O-O f4 13. Bc4 fxg3 14. Bxf7+
Kxf7 15. Qb3+ Kf8 16. fxg3+ Bf6 17. Rad1 Kg7 18. Ne6+ Bxe6 19. Qxb7+ Nd7 20.
Rfe1 Qb6+ 21. Qxb6 Nxb6 22. Rd6 Bxa2 23. Ra1 Bc4 24. Ra5 Re1+ 25. Kf2 Rf1+ 26.
Ke3 Re8+ 27. Kd2 Rf2+ 0-1

[Event "Titled Tuesday 2022.10.25 Early"]
[Site "chess.com INT"]
[Date "2022.10.25"]
[Round "8"]
[White "Halkias, S."]
[Black "Lawson, Eric"]
[Result "1-0"]
[WhiteElo "2506"]
[BlackElo "2371"]
[PlyCount "61"]
[EventDate "2022.10.25"]
[EventType "swiss (blitz)"]
[EventRounds "11"]
[EventCountry "NET"]
[Source "Mark Crowther"]
[SourceDate "2022.10.31"]

1. Nf3 d5 2. d4 Nf6 3. c4 c6 4. Nc3 e6 5. g3 Be7 6. Bg2 O-O 7. Qd3 Re8 8. O-O
Nbd7 9. b3 b6 10. Bb2 Bb7 11. e4 dxe4 12. Nxe4 c5 13. Nfg5 Nxe4 14. Nxe4 cxd4
15. Qxd4 Bf8 16. Rad1 Bc6 17. Nf6+ Qxf6 18. Bxc6 Bc5 19. Qxf6 Nxf6 20. Bxa8
Rxa8 21. Bd4 Ba3 22. Kg2 Kf8 23. f3 Ke7 24. Rfe1 Ne8 25. h4 h5 26. g4 g6 27.
Be3 Nd6 28. Rd3 f6 29. Red1 Rh8 30. c5 Nf7 31. Rd7+ 1-0

[Event "Titled Tuesday 2022.10.25 Early"]
[Site "chess.com INT"]
[Date "2022.10.25"]
[Round "9"]
[White "Lawson, Eric"]
[Black "Sanchez, Robert"]
[Result "1-0"]
[WhiteElo "2371"]
[BlackElo "1971"]
[PlyCount "53"]
[EventDate "2022.10.25"]
[EventType "swiss (blitz)"]
[EventRounds "11"]
[EventCountry "NET"]
[Source "Mark Crowther"]
[SourceDate "2022.10.31"]

1. e4 e6 2. d3 c5 3. f4 d6 4. Be2 Nc6 5. Be3 g6 6. c3 Bg7 7. Na3 Nge7 8. g4 f5
9. h4 fxe4 10. dxe4 O-O 11. h5 Qa5 12. Nc4 Qd8 13. Nxd6 Nd5 14. exd5 Qxd6 15.
dxc6 Qxc6 16. Bf3 Qb5 17. Qe2 c4 18. hxg6 hxg6 19. Be4 Bd7 20. Bxg6 Bc6 21. Rh5
Qa4 22. Nf3 Bxf3 23. Qxf3 Qa6 24. Qh3 Rf6 25. Rh8+ Bxh8 26. Qh7+ Kf8 27. Bc5+
1-0

[Event "Titled Tuesday 2022.10.25 Early"]
[Site "chess.com INT"]
[Date "2022.10.25"]
[Round "10"]
[White "Hambleton, Aman"]
[Black "Lawson, Eric"]
[Result "1-0"]
[WhiteElo "2437"]
[BlackElo "2371"]
[PlyCount "91"]
[EventDate "2022.10.25"]
[EventType "swiss (blitz)"]
[EventRounds "11"]
[EventCountry "NET"]
[Source "Mark Crowther"]
[SourceDate "2022.10.31"]

1. d4 Nf6 2. Bf4 d5 3. e3 c6 4. Nf3 Nbd7 5. c4 e6 6. Nc3 Be7 7. Bd3 dxc4 8.
Bxc4 b5 9. Bd3 Bb7 10. O-O a6 11. a4 b4 12. Ne4 Nxe4 13. Bxe4 Nf6 14. Nd2 Qd7
15. Rc1 Rc8 16. Bf3 c5 17. Nc4 Nd5 18. Bg3 cxd4 19. Qxd4 Bf6 20. Be5 O-O 21.
Bxf6 gxf6 22. e4 e5 23. Qd1 f5 24. exd5 e4 25. Be2 Qxd5 26. Qxd5 Bxd5 27. Nd6
Rxc1 28. Rxc1 Be6 29. Bc4 Rd8 30. Bxe6 fxe6 31. Nc4 b3 32. Kf1 Rd4 33. Ke2 Kg7
34. Rc3 Kf6 35. a5 e5 36. Nd2 Ra4 37. Rc6+ Kg5 38. Rxa6 Ra2 39. Rb6 Rxb2 40.
Rxb3 Ra2 41. Rb5 h5 42. Rxe5 Kf4 43. Rb5 h4 44. g3+ Kg4 45. gxh4 f4 46. h5 1-0

[Event "Titled Tuesday 2022.10.25 Early"]
[Site "chess.com INT"]
[Date "2022.10.25"]
[Round "11"]
[White "Lawson, Eric"]
[Black "Melikhov, E."]
[Result "1-0"]
[WhiteElo "2371"]
[BlackElo "2269"]
[PlyCount "53"]
[EventDate "2022.10.25"]
[EventType "swiss (blitz)"]
[EventRounds "11"]
[EventCountry "NET"]
[Source "Mark Crowther"]
[SourceDate "2022.10.31"]

1. e4 e5 2. b3 d5 3. exd5 Qxd5 4. Nc3 Qd8 5. Bb2 Nc6 6. Bb5 Bd6 7. Qe2 Nge7 8.
Ne4 O-O 9. Nf3 Bg4 10. h3 Bxf3 11. Qxf3 Nd4 12. Bxd4 exd4 13. Bd3 Nc6 14. Qh5
h6 15. Qf5 g6 16. Qb5 Ne5 17. Qxb7 Nxd3+ 18. cxd3 Rb8 19. Qxa7 f5 20. Nxd6 Qxd6
21. O-O Rb6 22. Rfc1 c5 23. Rc4 Rc8 24. Rac1 Rcc6 25. b4 cxb4 26. Rxc6 Rxc6 27.
Qa8+ 1-0

[Event "Titled Tuesday 2022.10.18 Early"]
[Site "chess.com INT"]
[Date "2022.10.18"]
[Round "1"]
[White "Martinez Alcantara, Jose Eduardo"]
[Black "Lawson, Eric"]
[Result "1-0"]
[WhiteElo "2599"]
[BlackElo "2371"]
[PlyCount "77"]
[EventDate "2022.10.18"]
[EventType "swiss (blitz)"]
[EventRounds "11"]
[EventCountry "NET"]
[Source "Mark Crowther"]
[SourceDate "2022.10.24"]

1. e4 c5 2. Nf3 d6 3. c3 Nf6 4. h3 e6 5. Bd3 Be7 6. Bc2 b6 7. O-O Bb7 8. Re1
O-O 9. d4 cxd4 10. cxd4 Nc6 11. Nc3 e5 12. d5 Nb8 13. Be3 a6 14. a4 Nbd7 15.
Nd2 Re8 16. Bd3 g6 17. Rc1 Nh5 18. Nc4 Nf4 19. Bf1 Rb8 20. g3 Nh5 21. b4 Bg5
22. Nxd6 Bxe3 23. Rxe3 Rf8 24. Nxb7 Rxb7 25. Bxa6 Ra7 26. Be2 Ng7 27. Nb5 Ra8
28. d6 f5 29. Nc7 Ra7 30. exf5 gxf5 31. Rec3 Kh8 32. Bb5 Nf6 33. d7 Ne4 34. Rc4
Qg5 35. h4 Qg6 36. Rc6 Rxc7 37. Rxg6 Rxc1 38. Qxc1 hxg6 39. Qh6+ 1-0

[Event "Titled Tuesday 2022.10.18 Early"]
[Site "chess.com INT"]
[Date "2022.10.18"]
[Round "2"]
[White "Lawson, Eric"]
[Black "Owezdurdiyeva, J."]
[Result "1-0"]
[WhiteElo "2371"]
[BlackElo "2061"]
[PlyCount "77"]
[EventDate "2022.10.18"]
[EventType "swiss (blitz)"]
[EventRounds "11"]
[EventCountry "NET"]
[Source "Mark Crowther"]
[SourceDate "2022.10.24"]

1. d4 Nf6 2. Bg5 e6 3. e4 Be7 4. Nc3 h6 5. Bxf6 Bxf6 6. f4 c5 7. e5 Be7 8. dxc5
Bxc5 9. Ne4 Qb6 10. Nxc5 Qxc5 11. Qd2 O-O 12. Nf3 Nc6 13. O-O-O Nb4 14. Kb1 Nd5
15. Qd4 Qa5 16. Bc4 d6 17. Bxd5 dxe5 18. Nxe5 exd5 19. Qxd5 Qa6 20. Qc4 Qa5 21.
Rd5 Qb6 22. Qd4 Be6 23. Rd6 Qa5 24. b3 Rac8 25. c4 Qa3 26. g4 a5 27. f5 a4 28.
fxe6 axb3 29. axb3 Qxb3+ 30. Kc1 fxe6 31. Re1 b5 32. Qb2 Qxb2+ 33. Kxb2 bxc4
34. Kc3 Rf2 35. h3 Rh2 36. Re3 Kf8 37. Rc6 Ra8 38. Rxc4 Ra3+ 39. Kd4 1-0

[Event "Titled Tuesday 2022.10.18 Early"]
[Site "chess.com INT"]
[Date "2022.10.18"]
[Round "3"]
[White "Cramling Bellon, Anna"]
[Black "Lawson, Eric"]
[Result "0-1"]
[WhiteElo "2072"]
[BlackElo "2371"]
[PlyCount "81"]
[EventDate "2022.10.18"]
[EventType "swiss (blitz)"]
[EventRounds "11"]
[EventCountry "NET"]
[Source "Mark Crowther"]
[SourceDate "2022.10.24"]

1. d4 d5 2. c4 c6 3. Nc3 Nf6 4. Nf3 e6 5. e3 Nbd7 6. Bd3 dxc4 7. Bxc4 b5 8. Bd3
Bb7 9. e4 b4 10. e5 bxc3 11. exf6 gxf6 12. bxc3 f5 13. Bg5 Be7 14. Bh6 Rg8 15.
O-O c5 16. dxc5 Qc7 17. Qe2 a6 18. Rab1 Nxc5 19. Rfd1 O-O-O 20. Rxb7 Qxb7 21.
Rb1 Qc6 22. Bf4 Bd6 23. Bxd6 Rxd6 24. Bc4 Kc7 25. g3 Rb8 26. Rxb8 Kxb8 27. Ne5
Qe4 28. Bxa6 Qxe2 29. Bxe2 f6 30. Nc4 Ra6 31. a4 Rxa4 32. Nb6 Ra1+ 33. Kg2 Kc7
34. Nc4 Rc1 35. Bf3 Rxc3 36. Na5 Ne4 37. Bxe4 fxe4 38. Kh3 Kb6 39. Nc4+ Rxc4
40. Kh4 Rc2 41. Kh5 0-1

[Event "Titled Tuesday 2022.10.18 Early"]
[Site "chess.com INT"]
[Date "2022.10.18"]
[Round "4"]
[White "Kosteniuk, A."]
[Black "Lawson, Eric"]
[Result "1-0"]
[WhiteElo "2521"]
[BlackElo "2371"]
[PlyCount "41"]
[EventDate "2022.10.18"]
[EventType "swiss (blitz)"]
[EventRounds "11"]
[EventCountry "NET"]
[Source "Mark Crowther"]
[SourceDate "2022.10.24"]

1. e4 c5 2. c3 Nf6 3. e5 Nd5 4. Nf3 e6 5. d4 cxd4 6. cxd4 d6 7. Bc4 Nb6 8. Bd3
Bd7 9. Nc3 Bc6 10. O-O Be7 11. Re1 N8d7 12. exd6 Bxd6 13. Bg5 Qb8 14. Ne4 Bf4
15. g3 Bxg5 16. Nfxg5 h6 17. Qh5 O-O 18. Qh3 Nf6 19. Nxf6+ gxf6 20. Qxh6 fxg5
21. Qh7# 1-0

[Event "Titled Tuesday 2022.10.18 Early"]
[Site "chess.com INT"]
[Date "2022.10.18"]
[Round "5"]
[White "Lawson, Eric"]
[Black "Rose, F."]
[Result "1-0"]
[WhiteElo "2371"]
[BlackElo "2091"]
[PlyCount "87"]
[EventDate "2022.10.18"]
[EventType "swiss (blitz)"]
[EventRounds "11"]
[EventCountry "NET"]
[Source "Mark Crowther"]
[SourceDate "2022.10.24"]

1. d4 d5 2. Bg5 c6 3. Nf3 h6 4. Bf4 Qb6 5. Qc1 Bf5 6. e3 Nd7 7. c4 e6 8. c5
Qa5+ 9. Qc3 Qxc3+ 10. Nxc3 Ngf6 11. h3 Ne4 12. Nxe4 Bxe4 13. Nd2 Bh7 14. b4 Be7
15. b5 O-O 16. bxc6 bxc6 17. Ba6 e5 18. Bg3 exd4 19. exd4 Bf6 20. Nb3 Rfe8+ 21.
Kd2 Re6 22. Rae1 Rae8 23. Bb7 Kf8 24. Bd6+ Be7 25. Bg3 Bg5+ 26. f4 Bf6 27. Rxe6
Rxe6 28. Re1 Rxe1 29. Bxe1 Nb8 30. g4 Bb1 31. Kc3 Bxa2 32. Na5 Nd7 33. Kb2 Nxc5
34. Kxa2 Nxb7 35. Nxb7 Bxd4 36. Bb4+ Ke8 37. Nd6+ Kd7 38. Nxf7 c5 39. Ba3 Be3
40. f5 c4 41. Ne5+ Ke8 42. Nc6 Kf7 43. Bb2 g6 44. Ne5+ 1-0

[Event "Titled Tuesday 2022.10.18 Early"]
[Site "chess.com INT"]
[Date "2022.10.18"]
[Round "6"]
[White "Lawson, Eric"]
[Black "Lamaze, Simon"]
[Result "0-1"]
[WhiteElo "2371"]
[BlackElo "2372"]
[PlyCount "64"]
[EventDate "2022.10.18"]
[EventType "swiss (blitz)"]
[EventRounds "11"]
[EventCountry "NET"]
[Source "Mark Crowther"]
[SourceDate "2022.10.24"]

1. d4 Nf6 2. Bg5 g6 3. Bxf6 exf6 4. e3 Bg7 5. g3 O-O 6. Bg2 f5 7. Ne2 c6 8. c4
d6 9. Nd2 Nd7 10. O-O h5 11. b4 h4 12. Rb1 hxg3 13. hxg3 Nf6 14. a4 a6 15. b5
axb5 16. axb5 Bd7 17. Nc3 Ng4 18. bxc6 bxc6 19. Qc2 Qg5 20. Rfe1 Rad8 21. Rb6
c5 22. Nf3 Qh6 23. Rxd6 cxd4 24. exd4 Ba4 25. Qxa4 Rxd6 26. d5 Bxc3 27. Qa3
Bxe1 28. Nxe1 Qd2 29. Nf3 Qxf2+ 30. Kh1 Qxg3 31. Qb3 Ra6 32. Qb2 Rfa8 0-1

[Event "Titled Tuesday 2022.10.18 Early"]
[Site "chess.com INT"]
[Date "2022.10.18"]
[Round "7"]
[White "Matveeva, O."]
[Black "Lawson, Eric"]
[Result "1-0"]
[WhiteElo "2111"]
[BlackElo "2371"]
[PlyCount "75"]
[EventDate "2022.10.18"]
[EventType "swiss (blitz)"]
[EventRounds "11"]
[EventCountry "NET"]
[Source "Mark Crowther"]
[SourceDate "2022.10.24"]

1. d4 Nf6 2. c4 c5 3. d5 e6 4. Nc3 exd5 5. cxd5 d6 6. e4 g6 7. h3 Bg7 8. Nf3
O-O 9. Bd3 Nh5 10. O-O Nd7 11. Bg5 Bf6 12. Bh6 Re8 13. Re1 Ne5 14. Be2 Nxf3+
15. Bxf3 Ng7 16. Qc2 a6 17. a4 b6 18. Bf4 h5 19. Re2 g5 20. e5 dxe5 21. Bh2 g4
22. hxg4 hxg4 23. Be4 Ra7 24. Rd1 Kh8 25. Bg3 Bg5 26. Bd3 f6 27. Ne4 Bf4 28.
Bc4 Bf5 29. Qc3 Bxe4 30. Rxe4 f5 31. Rxf4 exf4 32. Bxf4 Kh7 33. Be5 Rae7 34. f4
Qd7 35. d6 Re6 36. Bd5 Rxd6 37. Bxd6 Qxa4 38. Be5 1-0

[Event "Titled Tuesday 2022.10.18 Early"]
[Site "chess.com INT"]
[Date "2022.10.18"]
[Round "8"]
[White "Lawson, Eric"]
[Black "Ismayil, Malak"]
[Result "1-0"]
[WhiteElo "2371"]
[BlackElo "1941"]
[PlyCount "57"]
[EventDate "2022.10.18"]
[EventType "swiss (blitz)"]
[EventRounds "11"]
[EventCountry "NET"]
[Source "Mark Crowther"]
[SourceDate "2022.10.24"]

1. e4 e5 2. Nf3 Nc6 3. Bc4 Bc5 4. d3 Nf6 5. Nbd2 O-O 6. Nf1 d5 7. exd5 Nxd5 8.
Ng3 Nb6 9. Bb3 Bg4 10. h3 Bxf3 11. Qxf3 Nd4 12. Qxb7 c6 13. Qa6 Nxb3 14. axb3
f5 15. Bd2 Qh4 16. O-O-O Bxf2 17. Ne2 Bc5 18. Rdf1 f4 19. Qb7 Qf6 20. d4 Bd6
21. dxe5 Bxe5 22. Nxf4 Bxb2+ 23. Kb1 Ba3 24. Nd3 Qd6 25. Bc3 Qg6 26. g4 Nd5 27.
Ba1 Bd6 28. Qxc6 Bf4 29. Qxd5+ 1-0

[Event "Titled Tuesday 2022.10.18 Early"]
[Site "chess.com INT"]
[Date "2022.10.18"]
[Round "9"]
[White "Gonzalez Vega, A."]
[Black "Lawson, Eric"]
[Result "0-1"]
[WhiteElo "2092"]
[BlackElo "2371"]
[PlyCount "82"]
[EventDate "2022.10.18"]
[EventType "swiss (blitz)"]
[EventRounds "11"]
[EventCountry "NET"]
[Source "Mark Crowther"]
[SourceDate "2022.10.24"]

1. e4 c5 2. Nf3 d6 3. d4 cxd4 4. c3 d3 5. Bxd3 Nf6 6. O-O g6 7. h3 Bg7 8. Qe2
O-O 9. Rd1 Qc7 10. a4 Nc6 11. Na3 a6 12. Be3 Be6 13. Bc2 Na5 14. Nd2 Rfc8 15.
Bd4 Nc6 16. Be3 Rab8 17. f4 Na5 18. Bd4 Nh5 19. Bxg7 Kxg7 20. f5 Qb6+ 21. Qf2
Qxf2+ 22. Kxf2 Bd7 23. Nf3 Nc4 24. Nxc4 Rxc4 25. a5 Nf6 26. Ke3 b5 27. axb6
Rxb6 28. Bd3 Rc5 29. fxg6 hxg6 30. Rd2 Bb5 31. Nd4 Bxd3 32. Kxd3 a5 33. Ra4 Re5
34. Re2 Nd7 35. b4 axb4 36. cxb4 Rg5 37. g4 Re5 38. Nf3 Reb5 39. Rb2 Rb7 40.
Kc4 Kf6 41. Nd4 Ne5+ 0-1

[Event "Titled Tuesday 2022.10.18 Early"]
[Site "chess.com INT"]
[Date "2022.10.18"]
[Round "10"]
[White "Lawson, Eric"]
[Black "Machidon, Cristi"]
[Result "1-0"]
[WhiteElo "2371"]
[BlackElo "2278"]
[PlyCount "77"]
[EventDate "2022.10.18"]
[EventType "swiss (blitz)"]
[EventRounds "11"]
[EventCountry "NET"]
[Source "Mark Crowther"]
[SourceDate "2022.10.24"]

1. e4 c6 2. d4 d5 3. e5 Bf5 4. Nf3 e6 5. Be2 Ne7 6. O-O c5 7. dxc5 Nec6 8. Nd4
Bg6 9. c3 Bxc5 10. b4 Bb6 11. Be3 Nxe5 12. f4 Nc4 13. Bxc4 dxc4 14. f5 exf5 15.
Qe2 O-O 16. Qxc4 Nc6 17. Nd2 Rc8 18. Qe2 Re8 19. Nc2 f4 20. Rxf4 Bxc2 21. Nc4
Bd3 22. Bxb6 Rxe2 23. Bxd8 Bxc4 24. Bh4 Be6 25. a4 h6 26. Bf2 b6 27. h3 Ne5 28.
Bd4 Ng6 29. Rf2 Rxf2 30. Kxf2 Nf4 31. a5 Nd5 32. axb6 axb6 33. Ra3 b5 34. Ke2
g5 35. Kd2 Nf4 36. Ra6 Nxg2 37. Rb6 Bc4 38. Rxh6 Nf4 39. Rh8# 1-0

[Event "Titled Tuesday 2022.10.18 Early"]
[Site "chess.com INT"]
[Date "2022.10.18"]
[Round "11"]
[White "Lawson, Eric"]
[Black "Korchmar, V."]
[Result "0-1"]
[WhiteElo "2371"]
[BlackElo "2438"]
[PlyCount "70"]
[EventDate "2022.10.18"]
[EventType "swiss (blitz)"]
[EventRounds "11"]
[EventCountry "NET"]
[Source "Mark Crowther"]
[SourceDate "2022.10.24"]

1. d4 d5 2. Bg5 c5 3. e4 h6 4. Bh4 dxe4 5. d5 g5 6. Bg3 Bg7 7. Nc3 Nf6 8. Be5
O-O 9. h4 g4 10. h5 Nbd7 11. Bf4 Nb6 12. d6 exd6 13. Bxd6 Re8 14. Bxc5 Nbd5 15.
Nxd5 Nxd5 16. c3 Be6 17. Bb5 Qa5 18. a4 Nxc3 19. bxc3 Qxc3+ 20. Kf1 Qxc5 21.
Rc1 Rad8 22. Rxc5 Rxd1+ 23. Ke2 Red8 24. Rc7 Be5 25. Rxb7 Bf4 26. Bd7 R8xd7 27.
Rxd7 Rxd7 28. g3 Bc4+ 29. Ke1 Bd2+ 30. Kd1 f5 31. Kc2 a5 32. Rh2 Kf7 33. f4
exf3 34. Rxd2 Rxd2+ 35. Kxd2 f2 0-1

[Event "Titled Tuesday 2022.07.05 Early"]
[Site "chess.com INT"]
[Date "2022.07.05"]
[Round "3"]
[White "Lawson, Eric"]
[Black "Barbashin, I."]
[Result "0-1"]
[WhiteElo "2371"]
[BlackElo "2169"]
[PlyCount "50"]
[EventDate "2022.07.05"]
[EventType "swiss (blitz)"]
[EventRounds "11"]
[EventCountry "NET"]
[Source "Mark Crowther"]
[SourceDate "2022.07.11"]

1. e4 d5 2. exd5 Nf6 3. Nf3 Nxd5 4. d4 g6 5. Be2 Bg7 6. O-O O-O 7. Re1 Nc6 8.
c3 b6 9. Bg5 Bb7 10. Na3 h6 11. Bh4 Nf4 12. Bf1 g5 13. Nxg5 hxg5 14. Bxg5 Ng6
15. d5 Nce5 16. f4 f6 17. fxe5 fxg5 18. Qh5 Nxe5 19. Nc4 Qxd5 20. Ne3 Qf7 21.
Qxg5 Qf2+ 22. Kh1 Rad8 23. h4 Rf4 24. Bc4+ Nxc4 25. Rf1 Rxh4+ 0-1

[Event "Titled Tuesday 2022.07.05 Early"]
[Site "chess.com INT"]
[Date "2022.07.05"]
[Round "4"]
[White "Lawson, Eric"]
[Black "El Jawich, Amro"]
[Result "1-0"]
[WhiteElo "2371"]
[BlackElo "2314"]
[PlyCount "55"]
[EventDate "2022.07.05"]
[EventType "swiss (blitz)"]
[EventRounds "11"]
[EventCountry "NET"]
[Source "Mark Crowther"]
[SourceDate "2022.07.11"]

1. d4 Nf6 2. Bg5 d5 3. Bxf6 exf6 4. e3 Bd6 5. g3 O-O 6. Bg2 c6 7. Ne2 Bg4 8.
Nd2 g6 9. O-O Nd7 10. c4 Be6 11. cxd5 cxd5 12. Nc3 Nb6 13. Qb3 Be7 14. a4 a5
15. Nf3 Nc4 16. Rfd1 b6 17. Ne1 Rc8 18. Nd3 Qd7 19. Nf4 Rc7 20. Ncxd5 Bxd5 21.
Nxd5 Rcc8 22. Qb5 Qxb5 23. Nxe7+ Kg7 24. axb5 Nxb2 25. Nxc8 Rxc8 26. Rd2 Nc4
27. Rc2 a4 28. Rxa4 1-0

[Event "Titled Tuesday 2022.07.05 Early"]
[Site "chess.com INT"]
[Date "2022.07.05"]
[Round "5"]
[White "Tinmaz, Kerem"]
[Black "Lawson, Eric"]
[Result "0-1"]
[WhiteElo "2325"]
[BlackElo "2371"]
[PlyCount "46"]
[EventDate "2022.07.05"]
[EventType "swiss (blitz)"]
[EventRounds "11"]
[EventCountry "NET"]
[Source "Mark Crowther"]
[SourceDate "2022.07.11"]

1. e4 c5 2. Nc3 Nc6 3. Bb5 g6 4. Bxc6 dxc6 5. d3 Bg7 6. Be3 b6 7. Qd2 e5 8. h4
h6 9. O-O-O Nf6 10. f3 Qe7 11. g4 h5 12. g5 Nd7 13. Rf1 O-O 14. Nh3 a5 15. Rf2
a4 16. Rhf1 b5 17. f4 exf4 18. Bxf4 Ne5 19. Bxe5 Qxe5 20. Nf4 a3 21. Nd1 axb2+
22. Kb1 Be6 23. c4 Rxa2 0-1

[Event "Titled Tuesday 2022.07.05 Early"]
[Site "chess.com INT"]
[Date "2022.07.05"]
[Round "6"]
[White "Lawson, Eric"]
[Black "Sanchez, Robert"]
[Result "1-0"]
[WhiteElo "2371"]
[BlackElo "1966"]
[PlyCount "37"]
[EventDate "2022.07.05"]
[EventType "swiss (blitz)"]
[EventRounds "11"]
[EventCountry "NET"]
[Source "Mark Crowther"]
[SourceDate "2022.07.11"]

1. d4 d5 2. Bg5 h6 3. Bh4 Nd7 4. Nf3 Ngf6 5. e3 e6 6. c4 Be7 7. Nc3 c6 8. Qc2
b6 9. O-O-O Bb7 10. Kb1 Rc8 11. e4 dxc4 12. Bxc4 b5 13. Bb3 a5 14. d5 cxd5 15.
exd5 b4 16. dxe6 fxe6 17. Qg6+ Kf8 18. Bxe6 bxc3 19. Qf7# 1-0

[Event "Titled Tuesday 2022.07.05 Early"]
[Site "chess.com INT"]
[Date "2022.07.05"]
[Round "7"]
[White "Kozlov, O."]
[Black "Lawson, Eric"]
[Result "0-1"]
[WhiteElo "2279"]
[BlackElo "2371"]
[PlyCount "56"]
[EventDate "2022.07.05"]
[EventType "swiss (blitz)"]
[EventRounds "11"]
[EventCountry "NET"]
[Source "Mark Crowther"]
[SourceDate "2022.07.11"]

1. c4 e5 2. e3 Nc6 3. Nc3 g6 4. g3 Bg7 5. Bg2 d6 6. Nge2 Be6 7. d3 Qd7 8. h4
Nf6 9. Nd5 O-O-O 10. Bd2 Ne7 11. Qb3 c6 12. Nxf6 Bxf6 13. Qa3 Kb8 14. b4 d5 15.
c5 d4 16. exd4 Bd5 17. O-O Bxg2 18. Kxg2 exd4 19. Bf4+ Ka8 20. Rab1 Nd5 21. Bd6
Rhe8 22. Rb3 b5 23. cxb6 Rxe2 24. Bc7 Nxb6 25. Bxb6 Rb8 26. Bc5 Bxh4 27. Qa6
Rb7 28. Ra3 Qg4 0-1

[Event "Titled Tuesday 2022.07.05 Early"]
[Site "chess.com INT"]
[Date "2022.07.05"]
[Round "8"]
[White "Lawson, Eric"]
[Black "Aggelis, N."]
[Result "1-0"]
[WhiteElo "2371"]
[BlackElo "2287"]
[PlyCount "97"]
[EventDate "2022.07.05"]
[EventType "swiss (blitz)"]
[EventRounds "11"]
[EventCountry "NET"]
[Source "Mark Crowther"]
[SourceDate "2022.07.11"]

1. d4 Nf6 2. Bg5 d5 3. Bxf6 gxf6 4. e3 c5 5. c4 cxd4 6. exd4 dxc4 7. Bxc4 e6 8.
Nc3 Nc6 9. d5 exd5 10. Qxd5 Be6 11. Qxd8+ Rxd8 12. Bb5 Rc8 13. Nge2 a6 14. Ba4
f5 15. O-O Bg7 16. Nf4 O-O 17. Rfe1 Rfe8 18. Bb3 Nd4 19. Bxe6 fxe6 20. Rad1 e5
21. Nh5 Rcd8 22. f4 e4 23. Nxg7 Kxg7 24. Kf2 Nc2 25. Rxd8 Rxd8 26. Rd1 Rxd1 27.
Nxd1 Nb4 28. a3 Nd3+ 29. Ke3 h5 30. g3 a5 31. Kd4 Kf6 32. Kc4 Ke6 33. Kb5 h4
34. Kxa5 Kd5 35. Ne3+ Kc5 36. b4+ Kd4 37. Nxf5+ Kc3 38. Kb6 hxg3 39. hxg3 Kd2
40. Kxb7 e3 41. Nxe3 Kxe3 42. b5 Kd4 43. a4 Nc5+ 44. Kc6 Nxa4 45. b6 Nxb6 46.
Kxb6 Ke4 47. Kc6 Kf3 48. f5 Kxg3 49. f6 1-0